Statistics for Countries in the X-Men

Click here to take the quiz!

General Stats

  • This quiz has been taken 23 times
    (13 since last reset)
  • The average score is 7 of 12

Answer Stats

ContinentCountry% Correct
North AmericaUnited States of America
100%
North AmericaCanada
92%
AsiaChina
92%
Asia/ EuropeRussia
75%
EuropeGermany
67%
AsiaJapan
67%
EuropeFrance
58%
South AmericaArgentina
50%
EuropePoland
50%
North AmericaCuba
42%
AfricaNigeria
25%
AsiaVietnam
25%

Score Distribution

Percentile by Number Answered

Percent of People with Each Score

Your Score History

You have not taken this quiz since the last reset